|
|
|
|
| LEADER |
00000nam a2200000Ia 4500 |
| 008 |
170613b1978 us ||||| |||| 00| | eng d |
| 999 |
|
|
|c 1338
|d 1338
|
| 090 |
|
|
|a 05.03.02
|b 614
|
| 100 |
1 |
|
|a Rutherford, Robert B.
|9 2926
|e Editor/a
|
| 245 |
1 |
0 |
|a Monograph in behavioral disorders : severe behavior disorders of children and youth \
|c Rutherford, Robert B., Prieto, Alfonso G., Co-editors
|
| 260 |
|
|
|a Arizona, Estados Unidos :
|b Arizona State University,
|c 1978
|
| 300 |
|
|
|a 125 páginas
|
| 650 |
1 |
4 |
|a COMPORTAMIENTO
|9 298
|
| 650 |
1 |
4 |
|a NIÑOS
|9 59
|
| 650 |
1 |
4 |
|a NIÑAS
|9 60
|
| 650 |
1 |
4 |
|9 5
|a ADOLESCENTES
|
| 650 |
1 |
4 |
|a AGRESIÓN
|9 721
|
| 650 |
1 |
4 |
|a PADRES
|9 405
|
| 650 |
1 |
4 |
|a EVALUACIÓN
|9 287
|
| 700 |
|
|
|a Prieto, Alfonso G.
|e Editor/a
|9 2927
|
| 942 |
|
|
|i 001158
|h 05.03.02 614
|2 z
|c 01
|